000 00455nam a2200181Ia 4500
001 12708
005 20260306163001.0
008 260306t2020||||xx |||||||||||||| ||spa||
041 _aESP
082 _aHR 720
_bN° 8 2020 TM.2
100 _aRivera, David,
_eAUT
245 0 _aTeatro marittimo :
_brevista de arquitectura + cine
260 _c2020
300 _a135 páginas :
_c25 cm.
650 _aGEN
654 _aCAU
942 _cREV
_dJUS
_fJUS
_2ddc
_n
999 _c12708
_d12708